Statistics for NCAA Football Top 25 2022

Click here to take the quiz!

General Stats

  • This quiz has been taken 76 times
    (61 since last reset)
  • The average score is 16 of 25

Answer Stats

RankingTeam% Correct
6Alabama
98%
1Georgia
98%
4Michigan
98%
2Ohio State
96%
5Clemson
89%
3Tennessee
87%
7TCU
85%
10USC
85%
8Oregon
74%
13Penn State
74%
21North Carolina
72%
12UCLA
72%
18LSU
70%
15Ole Miss
64%
14Utah
62%
22Kansas State
55%
23Tulane
55%
9Oklahoma State
53%
19Kentucky
47%
24North Carolina State
43%
20Cincinnati
36%
17Illinois
34%
16Syracuse
32%
25South Carolina
30%
11Wake Forest
23%

Score Distribution

Percentile by Number Answered

Percent of People with Each Score

Your Score History

You have not taken this quiz since the last reset